000 00409nam a2200145 i 4500
001 bg
100 1 _aCHĘCIŃSKI, Tadeusz
245 0 _aMiędzynarodowa wymiana handlowa myśli naukowo-technicznej /
_cTadeusz Chęciński.
260 _aWarszawa :
_bPańst. Wydaw. Ekonomiczne,
_c1976.
040 _cBPK
041 _apol
080 _a608:62.001
942 _cKS
008 s pl f |000 0 pol
999 _c26980
_d26980
856 _uhttp://koha.tu.koszalin.pl/cgi-bin/koha/opac-detail.pl?biblionumber=26980
_yKatalog online BPK